01301nab a22002417a 4500999001500000003000400015005001700019008004100036040000700077100003300084245013200117260007200249300001300321500003900334505032000373505008900693650002600782650003000808650003500838650003400873773013900907942001301046 c5936d5936OSt20260114005535.0190605e xxu||||| |||| 00| 0 spa d cPJ 94558aLitterio, Liliana Hebe10aDe Nueva York a Buenos Aires. Avance en el reconocimiento de los repartidores plataformadependientes /cLiliana Hebe Litterio.  aCiudad Autónoma de Buenos Aires :bThomson Reuters La Ley,c2024. ap. 73-83 aCita: TR LALEY AR/DOC/2915/2023.  aSumario: I. Breve presentación del tema.— II. La llamativa historia del antes y el después de la ley y los fallos de Nueva York.— III. Los llamativos argumentos de la multinacional Rappi descriptos en la sentencia argentina.— IV. ¿Qué está pasando en el resto del mundo?— V. Apreciaciones finales.  t¿Te interesa el texto completo? Solicitalo al correo: koha@justierradelfuego.gov.ar 091316aDERECHO LABORAL 091323aCONTRATO DE TRABAJO 094942aFACULTADES DEL EMPLEADOR 091570aDERECHOS DEL TRABAJADOR0 0271193168dCiudad Autónoma de Buenos Aires : Thomson Reuters La Ley, 1999-2002.tRevista de derecho del trabajo. Nº 2 - Marzo 2024 2udccANA